000 00346nam a2200121Ia 4500
008 240731s9999 xx 000 0 und d
022 _a1477-674X
245 0 _aPaedagogica Historica : International Journal of the History of Education
260 _bRoutledge
856 _uhttps://www.tandfonline.com/loi/cpdh20
942 _2ddc
942 _cTFEJ
999 _c78850
_d78850
945 _a1
_bMadushi Gamage
_c1
_dMadushi Gamage